000 00336nam a22001457a 4500
008 221117b ||||| |||| 00| 0 eng d
020 _a9780071376921
041 _aeng
080 _2SECOND EDITION
_a159.9
082 _a159.9PRE
100 _a25
101 _aPSI
245 _aTHERAPEUTIC MODALITIES
_cPRENTICE W
942 _2udc
_cBK
999 _c58921
_d58921